| 000 | 00605nam a2200241Ia 4500 | ||
|---|---|---|---|
| 008 | 160303s9999 xx 000 0 und d | ||
| 020 | _a971-23-2438-9 | ||
| 050 | _aFIL KPM 1744.5 | ||
| 050 | _b.D45 2003 | ||
| 100 | _aDe Leon, Hector S. | ||
| 245 | _aConstitution made simple / | ||
| 245 | _cHector S. De Leon. | ||
| 260 | _aManila: | ||
| 260 | _bRex Book Store, Inc., | ||
| 260 | _c2003 | ||
| 300 | _a304 pages : | ||
| 300 | _billustrations ; | ||
| 300 | _c22 cm. | ||
| 650 | _aConstitutional law -- | ||
| 650 | _aConstitutions -- | ||
| 650 | _xPhilippines. | ||
| 650 | _xPhilippines. | ||
| 999 |
_c291418 _d291418 |
||